000 00371nam a2200157Ia 4500
003 LDD
008 181029s9999 xx 000 0 und d
020 _a713100087
040 _cLDD
100 _aNigosian, S.A.
245 0 _aWorld religions
_cS.A. Nigosian
260 _aLondon
_bEdward Arnold
_c1975
300 _a213p.
901 _a2754
_b03-10-2003
942 _2ddc
_cBK
999 _c45688
_d45688